000 00440nam a2200193Ia 4500
003 OSt
005 20251107130628.0
008 250729s2005 xx 000 0 und d
020 _a978-8184821741
040 _cAL
041 _aeng
082 _a500 KRIJ
100 _aKrishnan Madhulatha
_9224052
245 _aJagadis Chandra Bose
260 _aBangalore
_c2005
300 _a49p
650 _aHistory
_9224053
942 _2ddc
_cBED
999 _c236219
_d236219